00690 a2200205 4500999001500000010001400015020002300029035001300052037001800065082000800083100001900091245007400110260004400184270004800228300003200276500001900308700002100327942002700348952010900375 c4177d4177 aENG-86117 a8120331747c395.00 aEN-69650 bD.B.Act / Pub14a3361 aHindriks, Jean1 aIntermediate public economics /cby Jean Hindriks and Gareth D. Myles aNew DelhibPrentice Hall of Indiac2007 aM-97, Cannaught Circus,bNew Delhie110 001 axvii, 724 p.c24 cm. (Pbk.) aIncludes index1 aMyles, Gareth D. adplcEN2ddch336mHIN 001040718NFICaDBADbDBADeDBAD/PUBg395.00l0o336 HINpEN-69650r2008-09-15 00:00:00t1v395.00yEN